000 03137nam a2200505Ii 4500
001 DIGARTEP0079
003 NyNyDIG
008 150518t20022002txu ob 000 0 eng d
006 m o d
007 cr |||||||||||
040 _aDGITA
_beng
_erda
_epn
_cDGITA
020 _a9781611921915
_q(eBook)
020 _a1611921910
_q(eBook)
020 _z1558853774
_q(alk. paper)
020 _z9781558853775
_q(alk. paper)
035 _a(OCoLC)656861287
043 _anwpr---
_an-us---
050 1 4 _aPS153.P83 eBook
100 1 _aRivera, Carmen S.
_q(Carmen Socorro),
_eauthor.
245 1 0 _aKissing the mango tree :
_bPuerto Rican women rewriting American literature /
_cby Carmen S. Rivera.
264 1 _aHouston, Texas :
_bArte Público Press,
_c[2002]
264 4 _c©2002
300 _a1 online resource.
336 _atext
_btxt
_2rdacontent
337 _acomputer
_bc
_2rdamedia
338 _aonline resource
_bcr
_2rdacarrier
504 _aIncludes bibliographical references.
505 0 _aEsmeralda Santiago and the Bildungsroman of El Barrio -- Nicholas Mohr and negation/negotiation of the mother-daughter relationship -- The fluid identity of Rosario Morales and Aurora Levins Morales in Getting Home Alive -- "Y si la patria es una mujer" : the political discourse of Sandra Maria Esteves -- "I just met a girl named Maria" : Luz Maria Umpierre-Herrera and the subversion of sexual/cultural stereotypes -- Kissing the mango tree : Judith Ortiz Cofer and the ritual of storytelling.
520 1 _a"Kissing the Mango Tree is the first and only book to examine the works of the most popular Puerto Rican women writers from the perspective of feminist literary criticism. Rivera reconstructs the ethno-feminist aesthetic of Judith Ortiz Cofer, Sandra Maria Esteves, Nicholasa Mohr, Aurora Levins Morales, Rosario Morales, Esmeralda Santiago, and Luz Maria Umpierre-Herrera." "This study is accompanied by a complete bibliography of the six writers' works and secondary sources of feminist, Latino and ethno-poetic criticism and theory."--Jacket.
588 0 _aOnline resource; title from PDF title page (Digitalia, viewed May 18, 2015)
650 0 _aAmerican literature
_xPuerto Rican authors
_xHistory and criticism.
650 0 _aPuerto Rican literature
_xWomen authors
_xHistory and criticism.
650 0 _aFeminism and literature
_zUnited States
_xHistory
_y20th century.
650 0 _aWomen and literature
_zUnited States
_xHistory
_y20th century.
650 0 _aAmerican literature
_xWomen authors
_xHistory and criticism.
650 0 _aPuerto Rican women
_zUnited States
_xIntellectual life.
650 0 _aPuerto Ricans in literature.
655 0 _aElectronic books.
791 2 _aDigitalia (Firm),
_edistributor.
793 0 _gDigitalia eBook Collection:
_aArte Público Press
776 0 8 _iPrint version:
_aRivera, Carmen S. (Carmen Socorro).
_tKissing the mango tree.
_dHouston, Tex. : Arte Público Press, 2002
_z1558853774
_w(DLC) 2002066675
_w(OCoLC)49664447
856 4 0 _3Digitalia Hispánica
_uhttps://www.digitaliapublishing.com/a/23244/
910 _aPremium Collection: 2015
942 _cRAA
999 _c237575
_d237575